Dispersal of plants by bats (<Chiropterochory>) (Registro nro. 10857)

Detalles MARC
000 -CABECERA
Campo de control 004270000a22001450004500
090 ## - CLASIFICACIÓN LOCAL
Colección AR
Consecutivo 01780
041 0# - IDIOMA
Código de idioma para texto/pista de sonido o título separado
100 1# - ASIENTO PRINCIPAL--NOMBRE PERSONAL
Nombre personal Van der Pijl, L.
245 10 - MENCION DE TITULO
Título Dispersal of plants by bats (<Chiropterochory>)
650 14 - ASIENTO SECUNDARIO DE MATERIA - TERMINO TEMATICO
Término temático o nombre geográfico como elemento de entrada Relación planta-animal
650 14 - ASIENTO SECUNDARIO DE MATERIA - TERMINO TEMATICO
Término temático o nombre geográfico como elemento de entrada Dispersión de semillas
650 14 - ASIENTO SECUNDARIO DE MATERIA - TERMINO TEMATICO
Término temático o nombre geográfico como elemento de entrada Ecología
773 1# - Item fuente:
Título Acta Botánica Neerlandica
Especificación de materiales 601
Descripción física 6
Paginas del Articulo 291-315
Lugar, editorial y fecha de publicación 1957
942 ## - ELEMENTOS ADICIONALES (KOHA)
Tipo de ítem Artículo
Existencias
Withdrawn status Lost status Damaged status No para préstamo Colección Ubicación Permanente Ubicación actual Fecha de adquisición Fuente de Valor Datos de publicación Seriada Total Checkouts Número topográfico Inventario / Código de Barras Date last seen Ejemplar Price effective from Forma de adquisición Tipo de material
      No para Préstamo Hemeroteca Bogotá Bogotá 27/02/2015 Muñoz Saba, Yaneth Fuera de circulación   AR 01780 012142 25/03/2015 1 25/03/2015   Artículo